| 000 | 01348nam a2200373 a 4500 | ||
|---|---|---|---|
| 001 | ELB74220 | ||
| 003 | FlNmELB | ||
| 006 | m o d | | ||
| 007 | cr cn||||||||| | ||
| 008 | 201106r2005 mx |||||s|||||||||||spa d | ||
| 020 | _z9789702705147 | ||
| 035 | _a(MiAaPQ)EBC3193814 | ||
| 035 | _a(Au-PeEL)EBL3193814 | ||
| 035 | _a(CaPaEBR)ebr10472703 | ||
| 035 | _a(OCoLC)929290765 | ||
| 040 |
_aFlNmELB _bspa _cFlNmELB |
||
| 050 | 4 |
_aHQ1075.5.M6 _bP181 2005 |
|
| 080 | _a3 | ||
| 082 | 0 | 4 |
_a305.30972 _222 |
| 100 | 1 |
_aPalomar Verea, Cristina, _d1959- |
|
| 245 | 1 | 3 |
_aEl orden discursivo de género en Los Altos de Jalisco _h[recurso electronico] / _cCristina Palomar Verea. |
| 250 | _a1. ed. | ||
| 260 |
_aGuadalajara, Jalisco, México : _bUniversidad de Guadalajara, _c2005. |
||
| 300 | _a405 p. | ||
| 533 | _aRecurso electrónico. Santa Fe, Arg.: e-libro, 2015. Disponible vía World Wide Web. El acceso puede estar limitado para las bibliotecas afiliadas a e-libro. | ||
| 650 | 0 |
_aSex role _zMexico _zAltos de Jalisco. |
|
| 650 | 0 |
_aGender identity _zMexico _zAltos de Jalisco. |
|
| 650 | 0 |
_aOrden social _zMéxico. |
|
| 650 | 0 |
_aIdentidad de género _zMéxico. |
|
| 653 |
_aIdentidad de genero _aMexico |
||
| 655 | 4 | _aLibros electrónicos. | |
| 710 | 2 | _ae-libro, Corp. | |
| 856 | 4 | 0 | _uhttps://elibro.net/ereader/usam/74220 |
| 999 |
_c134924 _d134924 |
||